Missing Word: 'N' Actor Movies Quiz Stats

 Plays Quiz Updated Apr 6, 2016

Challenge
Share
Tweet
Embed
Score 0/30 Timer 03:00
0 Plays Today
Hint Answer % Correct
Jack NicholsonFew
98.1%
Jack NicholsonGood
98%
Sam NeillOctober
95.3%
Jack NicholsonEndearment
94.6%
Paul NewmanLuke
94.6%
Jack NicholsonCuckoo's
94.4%
Edward NortonFight
94.1%
Nick NolteThin
91.2%
Jack NicholsonMars
90.5%
Liam NeesonGangs
89.6%
Liam NeesonSchindler's
89.1%
Paul NewmanColor
84.2%
Nick Nolte48
80.2%
Liam NeesonActually
79%
Edward NortonHistory
77.4%
Hint Answer % Correct
Paul NewmanPerdition
76.8%
Liam NeesonBatman
74.3%
Paul NewmanTowering
71.1%
Nick NolteRwanda
64%
Sam NeillJurassic
63%
Edward NortonRed
61%
Edward NortonFaith
59.7%
Sam NeillDead
53.5%
Sam NeillHorizon
48.1%
Liam NeesonThree
45.3%
Edward NortonLegacy
41.6%
Paul NewmanSlap
39.5%
Nick NolteLorenzo's
30.7%
Nick NolteSquad
25.1%
Sam NeillMadness
10.8%

Today's Daily Dose

You're not logged in!

Compare scores with friends on all Sporcle quizzes.
Join for Free
OR
Log In

You Might Also Like...

Show Comments

Extras

Top Quizzes Today


Score Distribution

Your Account Isn't Verified!

In order to create a playlist on Sporcle, you need to verify the email address you used during registration. Go to your Sporcle Settings to finish the process.

Report this User

Report this user for behavior that violates our Community Guidelines.

Details: